| 000 | 01220nam0a22002771 4500 | ||
|---|---|---|---|
| 001 | rc\723502 | ||
| 005 | 20031121172948.5 | ||
| 010 |
_a5-7636-0167-3 _9100 |
||
| 035 | _a(NLR Aleph) 005966760 | ||
| 090 |
_a6901534 _c6901534 |
||
| 100 | _a20031121d1997 u |0rusy50 ca | ||
| 101 | 0 | _arus | |
| 102 | _aRU | ||
| 105 | _aa ||||||||| | ||
| 200 | 1 |
_aИмитационные методы моделирования и управления в энергосистемах _fВ.М. Иванников, С.А. Михайленко _gМ-во общ. и проф. образования Рос. Федерации, НИИ информатики и процессов упр. и др. |
|
| 210 |
_aКрасноярск _cКГТУ _d1997 |
||
| 215 |
_a196 с. _cил. _d20 |
||
| 300 | _aВ надзаг. также: АО "Красноярскэнерго", Краснояр. гос. техн. ун-т | ||
| 320 | _aБиблиогр. в конце гл. | ||
| 700 | 1 |
_aИванников _bВ. М. _gВладимир Михайлович |
|
| 701 | 1 |
_aМихайленко _bС. А. _gСергей Ананьевич |
|
| 801 | 0 |
_aRU _bNLR _gpsbo |
|
| 801 | 1 |
_aRU _bELAR _2rusmarc |
|
| 852 |
_aNLR _j98-3/4693 |
||
| 942 | _cBOOK | ||
| 980 | _aNB | ||